Fábulas de La Fontaine (Registo nº 437)

Detalhes MARC
000 -Etiqueta do registo
Cabeçalho 00924nam0a2200265 4500
005 - Identificador da versão
Campo de controlo 20240813121803.0
021 ## - Número do Depósito Legal
Código do país PT
Número 92997/95
100 ## - Dados gerais de processamento
Dados gerais de processamento 20160318d1995 a e0pory5003 ba
102 ## - Pais de publicação ou produção
País de publicação Portugal
101 1# - Língua de publicação
Língua do texto, banda sonora, etc. Português
Língua do documento no original Francês
215 ## - Descrição física 
Indicação específica da natureza do documento e extensão da espécie 102, [1] p
200 1# - Titulo e menção de responsabilidade
Título próprio Fábulas de La Fontaine
Título próprio de outro autor Contos da Condessa de Ségur
-- Contos de Ricardo Alberty
Outras menções de responsabilidade versão portuguesa de Esther de Lemos
225 2# - Colecção 
Título próprio da colecção Contos maravilhosos
Nome de uma parte ou secção Clássicos da literatura infantil
Indicação de volume 1
210 ## - Publicação, Distribuição, etc. 
Lugar da edição, distribuição, etc. Lisboa
Nome do editor, distribuidor, etc. Verbo
Data da publicação, distribuição, etc. D. L. 1995
606 ## - Nome comum usado como assunto
Número de registo de entrada de autoridade 0002822
Palavra de ordem Literatura
Subdivisão de assunto Conto
Código do sistema CA
675 ## - Classificação Decimal Universal (CDU)
Notação 82-34
Edição 3ª ed.
Língua da edição por
702 #1 - Nome de autor-pessoa física (responsabilidade secundária)
Número de registo de entrada de autoridade 0002826
Palavra de ordem Lemos
Outra parte do nome não tomada para palavra de ordem Esther de
Código de função Adaptador
701 #1 - Nome de autor-pessoa física (co-responsabilidade principal)
Palavra de ordem Ségur
Elementos de identificação ou distinção Condessa
-- et al.
Datas 1799-1874
Código de função Autor / Co-autor
Palavra de ordem Alberty
Outra parte do nome não tomada para palavra de ordem Ricardo
Elementos de identificação ou distinção et al.
Datas 1919-1992
Código de função Autor / Co-autor
700 #1 - Nome de autor-pessoa física (responsabilidade principal)
Número de registo de entrada de autoridade 0002823
Palavra de ordem La Fontaine
Outra parte do nome não tomada para palavra de ordem Jean De
Elementos de identificação ou distinção et al.
Datas 1621-1695
966 ## - Identificação da Biblioteca
Sigla EB2,3ENM
942 ## - Elementos de entrada adicionados (Koha)
Tipo de item no Koha Livro
Exemplares
Situação do levantamento Origin of item (home branch) (coded) Biblioteca de empréstimo Código de barras Cota Circulation type (not for loan) Tipo de documento Nota do exemplar Damaged status
  Biblioteca Escolar Eng. Nuno Mergulhão Biblioteca Escolar Eng. Nuno Mergulhão BENM136 82LE-34 CON   Livro Sem mensagem